Top 15 der betroffenen Covid-19-Länder - 25. Juni - Statistiken

Allgemein
  • Dieses Quiz wurde 20 mal gespielt
  • Das Durchschnittsergebnis liegt bei 13 aus 26
Antwortstatistiken
Land % Korrekt
Spanien
100%
Vereinigte Staaten
100%
Deutschland
94%
Indien
94%
Italien
94%
Brasilien
88%
Russland
88%
Mexiko
81%
Vereinigtes Königreich
69%
Schweden
56%
Türkei
56%
Belgien
50%
Chile
50%
Chile
50%
Iran
44%
Peru
44%
Pakistan
31%
Weißrussland
25%
Armenien
19%
Katar
19%
Saudi-Arabien
19%
Bahrain
13%
Kuwait
13%
Oman
13%
Panama
13%
Singapur
13%
Keine übereinstimmenden Quizze gefunden
Verteilung der Resultate
Anzahl Personen mit jedem Resultat
Perzentil nach korrekt beantworteten Fragen
Ihre Resultats-Entwicklung
Sie haben dieses Quiz noch nicht gespielt